000 00846nas a2200265 4500
001 BR0900271
003 BR-BrBNA
005 20231205113018.0
007 ta
008 230509b bl.|||p| |||| 00| 00por d
040 _aBR-BrBNA
_bpor
_cBiblioteca Nacional de Agricultura
041 _a(Pt)
072 _aF30
100 1 _aErig, A.C.
100 1 _aSchuch, M.W.
245 1 _aRegeneração in vitro de brotos e raízes adventícias de marmeleiro (Cydonia oblonga Mill.)CVS MC e Adams, utilizados como porta-enxertos para a pereira.
650 _aMARMELO
650 _aPERA
650 _aBROTO
650 _aGENÉTICA
650 _aENXERTO
773 0 _tRevista Brasileira de Agrociência (Brazil)
_xISSN 0104-8996
_g(Oct-Dec 2005), v. 11(4) p. 419-424
_wBR0900271
909 _a202311
_bLúcia
_c55
_dLúcia Elande
942 _2AGRIS
_n0
_cANA
999 _c201331
_d201331